Screening, isolation and indentification of methicillin resistant Staphylococcus aureus (MRSA) in stray dogs and cats at paws animal welfare society, Subang, Selangor

Main Author: Hari Balan Arumugam
Language: English
Published: Shah Alam, Selangor: UNISEL, 2009.
Subjects:
LEADER 01141cam a2200253 7i4500
001 0000034964
005 20230807090000.0
008 100720 eng
090 0 0 |a QR201.S68   |b H37 2009 
100 0 |a Hari Balan Arumugam  
245 1 0 |a Screening, isolation and indentification of methicillin resistant Staphylococcus aureus (MRSA) in stray dogs and cats at paws animal welfare society, Subang, Selangor   |c by Hari Balan A/L Arumugam. 
260 |a Shah Alam, Selangor:   |b UNISEL,   |c 2009. 
300 |a x, 52 p.:   |b col. ill.;   |c 30 cm. 
500 |a Please login MyLib (library.unisel.edu.my/web/guest/mylibrary - click eDocument) 
502 |a Biotechnology, Bachelor, UNISEL, 2009 
504 |a Includes bibliographical references 
610 2 |a Universiti Industri Selangor  
650 0 0 |a Staphylococcus aureus  
650 0 0 |a Methicillin Resistance  
650 0 0 |a Staphylococcal Infections  
650 0 0 |a Staphylococcus aureus infections  
997 |a Engineering & Life Sciences, Faculty  |b Science & Biotechnology, Department 
998 |a Biotechnology, Degree 
999 |a THE0001159  |b THESIS  |c THESIS  |e Thesis Room, Bestari Jaya